00474nam a22001457a 450000500170000001000150001702000180003203500140005003700090006408200140007324500700008726000390015727000910019630000410028720220322141900.0 aENG-132069 a9789391657017 aEN-115601 bDBAD a332.10954 aWoman Development Through Micro financing/c Sanjay Kumar Dhiman, aNew DelhibAryan Publicationc2021 a110,gali No-4, Harphool Vihar ,BapraulabNew Delhie110043maryanpublication@gmail.com axxiv,216pbIndex,Contentsc22cm(hbk)